000 01120nam a22003257a 4500
003 CHAP
005 20220329135146.0
008 971013s1972 r 00010 d
010 _a31875
011 _a32847
035 _a36962
040 _cCHAP
090 _aTesis
100 0 0 _aMartínez Gutiérrez, Roberto.
_972128
245 _aFactores que afectan la demanda de carne de cerdo en el área metropolitana de Monterrey
260 _a(Monterrey, N.L.) :
_bEl autor,
_c1972
300 _a56 h.
_b; mapa
502 _aTesis (Ing. Agrónomo Administrador) -- ITESM. Div. de Ciencias Agropecuarias y Marítimas
590 _aALEPH
_b10
_c20130110
_lUCH01
_h1254
590 _aBATCH-UPD
_b10
_c20130110
_lUCH01
_h0006
590 _aBATCH-UPD
_b10
_c20130110
_lUCH01
_h2252
590 _aBATCH-UPD
_b10
_c20130409
_lUCH01
_h1941
590 _aBATCH-UPD
_b10
_c20130410
_lUCH01
_h1546
590 _aBATCH-UPD
_b10
_c20130914
_lUCH01
_h0846
590 _aCONVERSION
_b10
_c20130109
_lUCH01
_h1318
650 1 4 _aCarne
_xConsumo
_xNuevo León.
_919070
901 _aBK
942 _cTESIS
949 _bBC
_cTES
_d-84904
_eTS1
_i36962
_si
999 _c31875
_d31875